Marketing: ZFP – Journal of Research and Management

محفوظ في:

التنسيق: دورية

اللغة: Undetermined

منشور في: JSTOR
Verlag C.H.Beck

الموضوعات:

الوصول للمادة أونلاين: Login to view Source

الوسوم: إضافة وسم

لا توجد وسوم, كن أول من يضع وسما على هذه التسجيلة!

رقم الطلب:

LEADER 00520nas a2200157Ia 4500
008 220214c99999999xx |||||||||||| ||und||
022 |a 0344-1369 
245 0 0 |a Marketing: ZFP – Journal of Research and Management 
264 1 |b JSTOR 
264 1 |b Verlag C.H.Beck 
362 0 |a Vol. 1(1979)-39 (2017) 
653 1 0 |a Marketing & Advertising 
856 4 0 |u https://www.jstor.org/journal/markzeitforsprax 
942 |c JL 
952 |0 0  |1 0  |4 0  |7 1  |9 36127  |a JSR  |b JSR  |d 2022-02-14  |l 0  |r 2022-02-14 00:00:00  |w 2022-02-14  |y JL 
999 |c 44460  |d 44460